| 000 | 00563nam a2200193 a 4500 | ||
|---|---|---|---|
| 005 | 20140310183546.0 | ||
| 008 | 111025s19uu xx 00 eng d | ||
| 020 | _a0736087648 | ||
| 020 | _a9780736087643 | ||
| 050 |
_aTX 361.A8 _b.Sk57 2010 |
||
| 100 | _aSkolnik, Heidi | ||
| 245 |
_aNutrient timing for peak performance / _cHeidi Skolnik, Andrea Chernus. |
||
| 260 |
_aIllinois : _bHuman Kinetics, _c2010. |
||
| 300 |
_a237 p. : _bill. ; _c26 cm. |
||
| 650 |
_aAthletes _xNutrition |
||
| 700 | _aChernus, Andrea | ||
| 942 |
_cBK _2lcc _kFOR |
||
| 999 |
_c24874 _d24874 |
||